Biblioteca

Mission in transition : 1972 - 1987 (Registro nro. 70342)

Detalles MARC
000 -LÍDER
Campo fijo de descripción fija 01147nab a2200241 i 4500
001 - NÚMERO DE CONTROL
Campo de control 768714001
003 - IDENTIFICADOR DEL NÚMERO DE CONTROL
Campo de control CO-MdFUSB
005 - FECHA Y HORA DE LA ULTIMA TRANSACCIÓN
control field 20240626080049.0
008 - ELEMENTOS DE LONGITUD FIJA -- INFORMACIÓN GENERAL
Campo fijo de descripción fija -- Información general 240626t1987 us ||||| |||| 00| 0 eng d
040 ## - FUENTE DE CATALOGACIÓN
Idioma de catalogación spa
Agencia que realiza la transcripción CO-MdFUSB
Agencia que realiza la modificación CO-MdFUSB
041 ## - CÓDIGO DE IDIOMA
Código de idioma para texto/pista de sonido o título separado eng
100 ## - ASIENTO PRINCIPAL--NOMBRE PERSONAL
Nombre personal Shenk, Wilbert R.,
Término relacionador autor
245 ## - TÍTULO
Título Mission in transition : 1972 - 1987
Mención de responsabilidad / Wilbert R. Shenk
520 ## - NOTA DE RESUMEN, ETC.
Nota de sumario, etc. ¿Cómo el pasado, especialmente el pasado reciente, ha preparado el escenario para los próximos pasos en la misión? Wilbert Shenk examina cómo las características geopolíticas y socioeconómicas han dado forma a la misión cristiana y explora cómo el período más reciente ha colocado a la misión en un estado de cambio y transición.
546 ## - NOTA DE IDIOMA
Nota de idioma Texto en inglés.
650 #0 - ASIENTO SECUNDARIO DE MATERIA - TERMINO TEMÁTICO
Término temático o nombre geográfico como elemento de entrada Misiones
9 (RLIN) 154
650 #0 - ASIENTO SECUNDARIO DE MATERIA - TERMINO TEMÁTICO
Término temático o nombre geográfico como elemento de entrada Cristianismo y política
9 (RLIN) 1250
650 #7 - ASIENTO SECUNDARIO DE MATERIA - TERMINO TEMÁTICO
Término temático o nombre geográfico como elemento de entrada Cristianismo y cultura
9 (RLIN) 6959
650 #7 - ASIENTO SECUNDARIO DE MATERIA - TERMINO TEMÁTICO
Término temático o nombre geográfico como elemento de entrada Antropología cultural y social
9 (RLIN) 6714
773 0# - ASIENTO DE ITEM FUENTE
Biblionumber 49486
Itemnumber 82794
Lugar, editorial y fecha de publicación Pasadena
Otro identificador del ítem R2669
Título Missiology:
Número de control del registro (CO-MdFUSB)97
Parte(s) relacionada(s) / Volumen., número. (mes año), páginas Volumen 15 (número 4, 1987) páginas: 419 - 430
Enumeración y primera página página: 419
942 ## - TIPO DE MATERIAL (KOHA)
Tipo de Item KOHA Artículos de Revista
945 ## - INFORMACIÓN LOCAL DEL REGISTRO
Catalogador Catherine Arias Álvarez - Practicante SENA

No hay ítems disponibles.

Biblioteca FUSBC | Teléfono: (57+4) 349 88 10 Ext. 141| WhatsApp (+57) 3005338115 
E-mail: biblioteca@unisbc.edu.co | Calle 76 87-14 Robledo Palenque, Medellín, Colombia

Con tecnología Koha